Name the logos - Statistics

General Stats
  • This quiz has been taken 585 times
  • The average score is 11 of 15
Answer Stats
Picture Answer % Correct
snapchat
96%
monster
94%
wendy's
93%
shell
88%
gatorade
87%
firefox
86%
gucci
86%
lg
85%
wikipedia
85%
warner bros
73%
rolex
72%
north face
64%
nestle
56%
dolby
43%
qantas
30%
No matching quizzes found
Score Distribution
Percent of People with Each Score
Percentile by Number Answered
Your Score History
You have not taken this quiz